000 00299nam a22001337a 4500
008 170727b xxu||||| |||| 00| 0 eng d
020 _a0134682084
041 _aeng
080 _22ND
_a004
100 _a31
101 _aSHK
245 _aINTELLIGENT INSTRUMENTATION
_cBARNEY,G.C
942 _2udc
_cBK
999 _c21994
_d21994